000 00981nam a22002657a 4500
005 2009103001171.0
008 091030t xxu||||| |||| 00| 0 eng d
010 _aENG-95270
020 _a9780070144972
_c225.00
020 _a0070144974
_c225.00
035 _aEN-78803
037 _bDBAD/PUB
040 _aDPL
082 _a658.87
100 _aPradhan, Swapna
245 _aRetail Merchandising /
_cby Swapna Pradhan
260 _aNew Delhi
_bTata McGraw-Hill Education
_cc2009.
270 _a7, West Patel Nagar
_bNew Delhi
_e110008
300 _axl, 222 p.
_c24 cm.(Pbk)
500 _aIncludes index.
650 _aRetail trade
942 _2ddc
_cEN
_mPRA
_h658.87
999 _c31196
_d31196